Microbial Biotechnology/ (Record no. 211342)

MARC details
000 -LEADER
fixed length control field 00545nam a22001817a 4500
005 - DATE AND TIME OF LATEST TRANSACTION
control field 20250717155112.0
010 ## - LCCN (DPL NO)
LC control number ENG-144961
020 ## - INTERNATIONAL STANDARD BOOK NUMBER
International Standard Book Number 9788189941260
Terms of availability 100.00
035 ## - SYSTEM CONTROL NUMBER
System control number EN-128493
037 ## - SOURCE OF ACQUISITION
Source of stock number/acquisition DBAD
082 ## - DEWEY DECIMAL CLASSIFICATION NUMBER
Classification number 660.62 MAN
245 ## - TITLE STATEMENT
Title Microbial Biotechnology/
250 ## - EDITION STATEMENT
Edition statement First
260 ## - PUBLICATION, DISTRIBUTION, ETC. (IMPRINT)
Place of publication, distribution, etc Kanyakumari Dist
Name of publisher, distributor, etc SARAS PUBLICATION
Date of publication, distribution, etc 2007
270 ## - ADDRESS
Address 114/35G A.R.P. Camp Road, Periavilai, Kottar P.O., NAGERCOIL
City Kanyakumari Dist
Postal code 629002
300 ## - PHYSICAL DESCRIPTION
Extent viii,270P
Dimensions 22(pb)
942 ## - ADDED ENTRY ELEMENTS (KOHA)
Source of classification or shelving scheme Dewey Decimal Classification
Item type English Books
Classification part 660.62 MAN
Holdings
Withdrawn status Lost status Not for loan Collection code Home library Current library Date acquired Source of acquisition Cost, normal purchase price Full call number Barcode Copy number Cost, replacement price Koha item type
      Non-fiction Ashok Vihar Ashok Vihar 19/05/2025 DBAD 100.00 660.62 EN-128493 1 100.00 English Books
        D.B.Act.Division D.B.Act.Division 17/07/2025     660.62 MAN       English Books

© Delhi Public Library
Hit Counter
free hit counter